Film nach Hauptcharakter - Statistiken

Allgemein
  • Dieses Quiz wurde 41 mal gespielt
  • Das Durchschnittsergebnis liegt bei 4 aus 22
Antwortstatistiken
Hauptcharakter Film % Korrekt
Marty McFly Zurück in die Zukunft
95%
Daniel Ocean Ocean´s Eleven
64%
Jordan Belfort The Wolf of Wall Street
54%
Newt Scamander Fantastische Tierwesen und wo sie zu finden sind
49%
Nikki Lauda Rush
49%
Po Kung Fu Panda
33%
Jyn Erso Rogue One: A Star Wars Story
21%
General Aladeen Der Diktator
10%
Nick Dunne Gone Girl
10%
Jo March Little Women
8%
Lou Bloom Nightcrawler
5%
Bill Cage Edge of Tomorrow
3%
Dre Parker Karate Kid
3%
Billy Beane Moneyball
3%
Kate Macer Sicario
3%
Taki Tachibana Your Name
3%
Barry B. Benson Bee Movie
0%
Jonathan Trotz Das fliegende Klassenzimmer
0%
Shane Wolf Der Babynator
0%
Cedric Errol Der kleine Lord
0%
Raleigh Becket Pacific Rim
0%
David Clark Wir sind die Millers
0%
Keine übereinstimmenden Quizze gefunden
Verteilung der Resultate
Anzahl Personen mit jedem Resultat
Perzentil nach korrekt beantworteten Fragen
Ihre Resultats-Entwicklung
Sie haben dieses Quiz noch nicht gespielt